000 00654nam a2200217Ia 4500
003 GCL
008 140319s9999 xx 000 0 ara d
040 _aGCL /
_cGCL
082 0 4 _a252.2
_bع ك
100 1 _aعامر النجار
245 1 0 _aكتاب الصلاة /
_cعامر النجار
300 _a272 ص
490 _aالهيئة العامة للاستعلامات
_v0
650 0 4 _aالصلاة
650 0 4 _aالاذان والاقامة
650 0 4 _aالصلاة - اداب
650 0 4 _aالصلاة - انواعها وشروطها
650 0 4 _aالصلاة - فرائض
650 0 4 _aالصلاة - سنن
942 _2ddc
_cBK
999 _c48877
_d48877